000 01193nam a22002057a 4500
999 _c4049
_d4049
003 AR-CdUCM
008 190307b ||||| |||| 00| 0 spa d
040 _aMUNICIPALIDAD PROVINCIAL DEL CUSCO
_cBIBLIOTECA MUNICIPAL DEL CUSCO
082 _a372. 412 /
_bT3
245 _aTécnicas de estudio y lectura rápida /
260 _aColombia :
_bEducar Cultura Recreativa S.A.,
_c1995.
300 _a4 tomos ;
_bIlustraciones,
_c28 cm.
505 _aContenido: t.1: Técnicas de memorización -- Lectura rápida -- t.2: Lección 6, el campo visual -- Lección 7, los puntos de fijesa... t.3: Lección 11: La lectura en bloques -- Lección 12: Aplicaciones -- Lección 13: Introducción a la metodología -- Lección 14: Método de aprendizaje -- Lección 15: La preparación.
505 _aTomo IV: Lección 16: La metodología clásica -- Lección 17: Las palabras clave -- Lección 18: Metodología para la lectura y la escucha -- Lección 19: Las palabras concepto -- Lección 20: El mapa mental..
650 _aTécnicas de estudio - Estudiantes
_912890
650 _aLectura veloz - Métodos
_912891
650 _aMétodos de Aprendizaje
_912892
942 _2ddc
_cLIBROS
945 _alccs